000 005940000a22001930004500
020 _a0-311-11043-6
041 0 _aSPA
082 0 4 _aG 268.1 G7761e
100 1 _aGraves, Guillermo
245 1 0 _aEnseñanza y capacitación en su iglesia / Guillermo Graves ; Rubén O. Zorzoli, Traductor
260 _aEl Paso, TX., USA : Casa Bautista de Publicaciones
300 _a151 Pag
500 _aTitulo original : The church teaching and training
001 7799
942 _cBK
999 _c38004
_d38004
336 _atexto
_btxt
_2rdacontent
337 _2rdamedia
_asin mediación
_bn
338 _2rdacarrier
_avolumen
_bnc